20 Random English Monarchs - Statistics

General Stats
  • This quiz has been taken 1,558 times
  • The average score is 12 of 20
Answer Stats
Reign House Monarch % Correct
1952-Now

Windsor

Elizabeth II
87%
1910-1936

Windsor

George V
83%
1936-1952

Windsor

George VI
80%
1509-1547

Tudor

Henry VIII
79%
1485-1509

Tudor

Henry VII
78%
1558-1603

Tudor

Elizabeth I
77%
1603-1625

Stuart

James I
75%
1901-1910

Windsor

Edward VII
74%
1936

Windsor

Edward VIII
74%
1760-1820

Hanover

George III
74%
1837-1901

Hanover

Victoria
73%
1553-1558

Tudor

Mary I
72%
1066-1087

Normandy

William I
72%
1625-1649

Stuart

Charles I
71%
1483-1485

York

Richard III
71%
1547-1553

Tudor

Edward VI
70%
1714-1727

Hanover

George
70%
1727-1760

Hanover

George II
70%
1820-1830

Hanover

George IV
69%
1702-1714

Stuart

Anne
68%
1087-1100

Normandy

William II
68%
1660-1685

Stuart

Charles II
66%
1272-1307

Plantagenet

Edward I
65%
1483

York

Edward V
64%
1154-1189

Anjou

Henry II
64%
1830-1837

Hanover

William IV
64%
1685-1688

Stuart

James II
63%
1471-1483

York

Edward IV
61%
1413-1422

Lancaster

Henry V
60%
1135-1154

Blois

Stephen
60%
1327-1377

Plantagenet

Edward III
59%
1100-1135

Normandy

Henry I
58%
1399-1413

Lancaster

Henry IV
58%
1422-1461

Lancaster

Henry VI
56%
1199-1216

Anjou

John
55%
1216-1272

Plantagenet

Henry III
54%
1461-1470

York

Edward IV
53%
1470-1471

Lancaster

Henry VI
52%
1189-1199

Anjou

Richard I
52%
1689-1694

Stuart

William III
51%
1377-1399

Plantagenet

Richard II
50%
1307-1327

Plantagenet

Edward II
48%
1689-1702

Stuart

Mary II
44%
No matching quizzes found
Score Distribution
Percent of People with Each Score
Percentile by Number Answered
Your Score History
You have not taken this quiz